000 00568nam a22002057a 4500
008 150811b xxu||||| |||| 00| 0 eng d
082 _22nd
_a658.4063/K891i
100 _aKrishnamacharyulo, C.S.G
245 _aInnovation management
260 _aMumbai
_bHimalaya Publishing House
_c2009.
300 _b606p.
504 _aBibliography: p.575--581
650 _aManagement
650 _alegal aspects
_916521
650 _ainnovations
650 _atraining methods
_910961
650 _acreative thinking
_911430
700 _aLalitha, R
942 _2ddc
_cGEN
999 _c76342
_d76331